A Magyar diktatúra a spanyol diktatúra filmjeiben egy kommunistaellenes filmháború magyar vonatkozásai /

Elmentve itt :
Bibliográfiai részletek
Szerző: Lénárt András
Dokumentumtípus: Könyv része
Megjelent: 2018
Sorozat:25 év - 25 tanulmány : fejezetek a Hispanisztika Tanszék történetéből 1993-2018
Kulcsszavak:Filmművészet története - spanyol, Magyarország története - 20. sz.
Online Access:http://acta.bibl.u-szeged.hu/61819
LEADER 00798naa a2200181 i 4500
001 acta61819
005 20260224081030.0
008 190926s2018 hu o 000 hun d
020 |a 978 963 315 382 6 
040 |a SZTE Egyetemi Kiadványok Repozitórium  |b hun 
041 |a hun 
100 1 |a Lénárt András 
245 1 2 |a A Magyar diktatúra a spanyol diktatúra filmjeiben   |h [elektronikus dokumentum] :  |b egy kommunistaellenes filmháború magyar vonatkozásai /  |c  Lénárt András 
260 |c 2018 
300 |a 107-115 
490 0 |a 25 év - 25 tanulmány : fejezetek a Hispanisztika Tanszék történetéből 1993-2018 
695 |a Filmművészet története - spanyol, Magyarország története - 20. sz. 
856 4 0 |u http://acta.bibl.u-szeged.hu/61819/1/25_ev_25_tanulmany_107-115.pdf  |z Dokumentum-elérés